000 01666cam a22004694i 4500
003 PE-LiUPU
005 20250731173125.0
008 150623s1997 ke r 000 0 eng d
020 _a978122116X
035 _a(Sirsi) i9789781221163
040 _aPE-LiUPU
_bspa
_cPE-LiUPU
_erda
049 _aPRUA
082 0 4 _a241.5096
_bH23
_221
100 1 _aHaselbarth, Hans,
_eautor.
245 1 0 _aChristian ethics in the African context /
_cHans Haselbarth.
264 1 _aNairobi, Kenya :
_bUzima Press,
_c1997.
300 _a233 páginas ;
_c20 centímetros
336 _atext
_2rdacontent
337 _aunmediated
_2rdamedia
338 _avolume
_2rdacarrier
505 0 _aLiberation and gratitude -- Life a joy and a responsibility -- Sex, marriage and the family. Urbanization, labour and industry -- Christians and politics.
526 _aSEG42
526 _aSEG41
526 _aSEG40
526 _aSEG39
526 _aP94
526 _aP87
526 _aP86
526 _aP85
526 _aP77
526 _aP76
526 _aP35
650 0 4 _aÉtica cristiana
_xÁfrica subsahariana.
650 0 4 _aÉtica social.
651 _aÁfrica subsahariana
_xCondiciones morales.
942 _2ddc
_cBOOK
949 _a241.5096 H23
_wDEWEY
_c1
_i51175
_lCCODEBUL1
_mBUL
_p10.00
_r0
_sY
_tBOOK
_u2015-6-24
_xTEOLOGIA
_PP35
_0COMPRA
_o.STAFF. Colección General
994 _aC0
_bPEPRU
596 _a1
999 _a241.5096 H23
_wDEWEY
_c32878
_i51175
_f2021-11-10
_g5
_lCCODEBUL1
_mBUL
_p10.00
_r0
_sY
_tBOOK
_u2015-6-24
_xTEOLOGIA
_PP35
_0COMPRA
_o.STAFF. Colección Teología
_d32878
980 _81
_gALBERTO SANCHEZ Responsable de Automatización